| 000 | 00930nam0a22002291 4500 | ||
|---|---|---|---|
| 001 | rc\2847491 | ||
| 005 | 20250529203913.0 | ||
| 035 | _a(NLR Aleph) 007003179 | ||
| 090 |
_a5741434 _c5741434 |
||
| 100 | _a20110703d1932 |||y0rusy50 ca | ||
| 101 | 0 | _arus | |
| 102 | _aRU | ||
| 105 | _ay z ||||| | ||
| 200 | 1 |
_aНовые строительные материалы в Ленинградской области. Пути развития производства и сравнительная эффективность _fиннж. Н.Н. Петров |
|
| 210 |
_aЛенинград _cКубуч _d1932 |
||
| 215 |
_a104 с. _d26 см |
||
| 225 | 1 |
_aБюллетень _fВсесоюз. ин-т сооружений. Ленингр. отд-ние _v№ 26 _aСектор экономики строительства |
|
| 801 | 0 |
_aRU _bNLR _gpsbo |
|
| 801 | 1 |
_aRU _bELAR _2rusmarc |
|
| 852 |
_aNLR _jП11/744 |
||
| 942 | _cBOOK | ||
| 980 | _aNB | ||